000 nam a22 7a 4500
999 _c7477
_d7477
008 170911b xxu||||| |||| 00| 0 eng d
020 _a9788188370702
100 _aRobson Pam
_94003
245 _aEncyclopedia of Science Projects
260 _aNew Delhi
_bYoung Learner Publication